Jesús, mi Señor

Gespeichert in:
Bibliographische Detailangaben
1. Verfasser: Silva Gatica, Sergio (VerfasserIn)
Format: Buch
Sprache:Spanisch
Veröffentlicht: Santiago Ediciones UC 2014
Ausgabe:1a. ed
Schlagworte:
Tags: Tag hinzufügen
Keine Tags, Fügen Sie den ersten Tag hinzu!

MARC

LEADER 00000cam a2200000 a 4500
001 UCD9652
003 CL-VaPUC
008 170630e20140000cl |||||||||||||||||spa|d
020 |a 9789561414457 
082 0 4 |a 232  |b SIL  |2 21 
100 |a Silva Gatica, Sergio  |e author  |9 593314 
245 1 0 |a Jesús, mi Señor 
250 |a 1a. ed 
300 |a 185 p 
942 |c BK 
945 |d 20170630 21:31:00  |a dcastane 
260 |a Santiago  |b Ediciones UC  |c 2014 
650 0 |a Cristología   |9 315091 
650 0 |a Vida de Jesús  |9 478097 
583 |a last modification  |c 20170630 21:31:00  |k Rodrigo Vera 
999 |c 368728  |d 368726 
952 |0 0  |1 0  |3 erb  |4 0  |6 232_000000000000000_SIL_2014  |7 0  |8 A  |9 484142  |a BIBTEO  |b BIBTEO  |i 5403448  |l 1  |o 232 SIL 2014  |p 5403448  |r 2025-01-17  |s 2024-06-12  |w 2019-11-24  |y BK  |z Catalogado en:20170630  |k ICR